000 00245nam a2200109Ia 4500
008 220204s9999 xx 000 0 und d
082 _a82-3
_bOBR
100 _aObrien, Saliee
245 0 _aBayou
260 _aNew York
_bBantam
_c1979
942 _cBK
999 _c35145
_d35145